Introduction to JAVA Programming (Record no. 1)

MARC details
000 -LEADER
fixed length control field 00307nam a22001097a 4500
008 - FIXED-LENGTH DATA ELEMENTS--GENERAL INFORMATION
fixed length control field 160614b xxu||||| |||| 00| 0 eng d
020 ## - INTERNATIONAL STANDARD BOOK NUMBER
International Standard Book Number 9788131725825
082 ## - DEWEY DECIMAL CLASSIFICATION NUMBER
Edition number 7th Edition
Classification number 005.1
Item number LIA7975
100 ## - MAIN ENTRY--PERSONAL NAME
9 (RLIN) 1
Personal name Liang, Daniel
245 ## - TITLE STATEMENT
Title Introduction to JAVA Programming
Remainder of title Brief Version
260 ## - PUBLICATION, DISTRIBUTION, ETC. (IMPRINT)
Place of publication, distribution, etc. New Delhi
Name of publisher, distributor, etc. Pearson
Holdings
Withdrawn status Lost status Source of classification or shelving scheme Damaged status Not for loan Home library Current library Shelving location Date acquired Cost, normal purchase price Total Checkouts Total Renewals Full call number Barcode Date last seen Date last checked out Price effective from Koha item type
    Dewey Decimal Classification     Good Samaritan School Library Good Samaritan School Library Computer Science 02/27/2018 490.00 12 4 LIA 005.1 LIA7975 12/08/2022 10/17/2022 02/27/2018 BOOK

Powered by Koha